[Event "TOP 12 Feminin Groupe B"]
[Site "Vandoeuvre les Nancy, France"]
[Date "2019.05.02"]
[Round "1.1"]
[White "Paehtz, Elisabeth"]
[Black "Javakhishvili, Lela"]
[Result "1-0"]
[WhiteElo "2470"]
[BlackElo "2459"]
[PlyCount "55"]
[EventDate "2019.05.02"]
[WhiteTeam "Mulhouse"]
[BlackTeam "Bischwiller"]

1. e4 {2} c5 {9} 2. Nf3 {4} e6 {8} 3. d4 {13} cxd4 {6} 4. Nxd4 {3} Nc6 {7} 5.
Nc3 {4} Qc7 {7} 6. f4 {4} a6 {28} 7. Nxc6 {5} Qxc6 {16} 8. Bd3 {5} b5 {6} 9.
Qe2 {5} Bb7 {7} 10. Bd2 {5} Rc8 {82} 11. a3 {257} h5 {41} 12. Rf1 {325} Nf6 {42
} 13. e5 {123} Nd5 {6} 14. Be4 {357} Qc4 {1450} 15. Nxd5 {617} Bxd5 {202} 16.
Qxc4 {5} Bxc4 {427} 17. Rf3 {299} d5 {120} 18. exd6 {63} Bxd6 {10} 19. b3 {622}
Bd5 {8} 20. Bxd5 {5} exd5 {4} 21. a4 {303} Kd7 {1508} 22. axb5 {75} axb5 {4}
23. Rd3 {976} Rxc2 {459} 24. Rxd5 {6} Kc6 {1145} 25. Rd3 {490} Bb8 {8} 26. Kd1
{86} Rc5 {3} 27. Be3 {6} Rf5 {85} 28. Rc1+ {28} 1-0

[Event "TOP 12 Feminin Groupe B"]
[Site "Vandoeuvre les Nancy, France"]
[Date "2019.05.02"]
[Round "1.2"]
[White "Sebag, Marie"]
[Black "Haussernot, Cecile"]
[Result "0-1"]
[WhiteElo "2476"]
[BlackElo "2097"]
[PlyCount "86"]
[EventDate "2019.05.02"]
[WhiteTeam "Bischwiller"]
[BlackTeam "Mulhouse"]

1. e4 {3} c5 {4} 2. Nf3 {5} d6 {5} 3. d4 {3} cxd4 {3} 4. Qxd4 {8} Nc6 {6} 5.
Bb5 {85} a6 {5} 6. Bxc6+ {79} bxc6 {4} 7. c4 {327} e5 {7} 8. Qd3 {21} Qc7 {21}
9. O-O {72} Nf6 {12} 10. Nc3 {556} Be7 {13} 11. h3 {313} O-O {138} 12. Be3 {140
} Rd8 {230} 13. Rac1 {369} h6 {639} 14. Na4 Rb8 {632} 15. b3 Be6 {364} 16. Rfd1
Rd7 {520} 17. Qc2 Re8 {1315} 18. Bb6 Qb8 {929} 19. Qe2 Nh5 {420} 20. Be3 Nf6 {
386} 21. Bd2 Bd8 {490} 22. Bc3 Bc7 {370} 23. Ne1 Nh7 {1188} 24. Nd3 f5 {1044}
25. exf5 Bxf5 {155} 26. Qf3 Rf7 {356} 27. Qxc6 Ref8 {87} 28. Nb4 {111} Bc8 {54}
29. Nxa6 {175} Bxa6 {199} 30. Qxa6 {7} Rxf2 {7} 31. Rd2 {155} R2f6 {117} 32.
Qc6 {76} Ng5 {67} 33. Qd5+ {27} Kh8 {13} 34. Rdd1 {100} Rg6 {103} 35. Kh1 {31}
Qc8 {22} 36. Rd3 {91} Rf2 {48} 37. Rg3 {55} Qf5 {46} 38. Re1 {48} Rxa2 {70} 39.
h4 {39} Qf4 {47} 40. Ree3 {26} Qxh4+ {43} 41. Kg1 Nh3+ {38} 42. Rxh3 {22} Qf2+
{8} 43. Kh1 {17} Qf1+ {5} 0-1

[Event "TOP 12 Feminin Groupe B"]
[Site "Vandoeuvre les Nancy, France"]
[Date "2019.05.02"]
[Round "1.8"]
[White "Choisy, Mathilde"]
[Black "Esquembre, Lea"]
[Result "1-0"]
[WhiteElo "2113"]
[BlackElo "1199"]
[PlyCount "41"]
[EventDate "2019.05.02"]
[WhiteTeam "Vandoeuvre"]
[BlackTeam "Nimes"]

1. e4 {1} e5 {10} 2. Nf3 {5} Nc6 {10} 3. Bb5 {38} a6 {17} 4. Ba4 {5} Nf6 {17}
5. O-O {25} Bc5 {25} 6. Nxe5 {1052} O-O {134} 7. Bxc6 {685} dxc6 {54} 8. d3 {42
} Qd6 {407} 9. Nc4 {235} Qd4 {393} 10. Be3 {64} Qd8 {257} 11. Bxc5 {16} Re8 {
169} 12. Nc3 {99} Be6 {85} 13. Nd2 {40} b6 {36} 14. Be3 {5} Qd7 {286} 15. Bg5 {
159} Qe7 {222} 16. e5 {27} h6 {138} 17. exf6 {20} gxf6 {33} 18. Bxh6 {16} f5 {
170} 19. Qf3 {41} c5 {78} 20. Qg3+ {27} Kh7 {82} 21. Qg7# {7} 1-0

[Event "TOP 12 Feminin Groupe B"]
[Site "Vandoeuvre les Nancy, France"]
[Date "2019.05.02"]
[Round "1.10"]
[White "Klipper, Noemie"]
[Black "Afraoui, Anaelle"]
[Result "0-1"]
[WhiteElo "1816"]
[BlackElo "2068"]
[PlyCount "134"]
[EventDate "2019.05.02"]
[WhiteTeam "Nancy"]
[BlackTeam "Clichy"]

1. d4 {2} Nf6 {6} 2. c4 {5} d6 {8} 3. Nc3 {77} e5 {48} 4. dxe5 {44} dxe5 {9} 5.
Qxd8+ {29} Kxd8 {9} 6. Bg5 {20} Be6 {9} 7. O-O-O+ {709} Kc8 {13} 8. Nf3 {506}
Bc5 {63} 9. e3 {108} Nbd7 {62} 10. Bh4 {638} Bb4 {491} 11. Ng5 {1194} Bxc3 {409
} 12. bxc3 {200} Bg4 {93} 13. f3 {296} Bh5 {10} 14. Bd3 {191} c6 {1452} 15. Ne4
{422} Nxe4 {72} 16. Bxe4 {4} Bg6 {198} 17. Bxg6 {240} hxg6 {102} 18. Bg3 {4}
Kc7 {81} 19. Rd2 {149} Rae8 {95} 20. Rhd1 {199} Re7 {128} 21. Kc2 {42} Kc8 {98}
22. e4 {67} Nf6 {1029} 23. h3 {54} b6 {79} 24. Bf2 {208} Rd7 {25} 25. a4 {71}
Rhd8 {82} 26. Rxd7 {226} Rxd7 {6} 27. Ra1 {29} c5 {317} 28. a5 {58} Kb7 {10}
29. Rb1 {25} Kc6 {14} 30. axb6 {44} axb6 {9} 31. Bg3 {24} Re7 {19} 32. Ra1 {66}
Ne8 {138} 33. Rd1 {135} Nd6 {45} 34. Kb3 {5} f6 {76} 35. Re1 {21} Rd7 {37} 36.
Re2 {33} Nb7 {14} 37. Kc2 {109} Na5 {17} 38. Re1 {37} Nxc4 {16} 39. Re2 {68}
Ra7 {23} 40. Kd3 {35} b5 {19} 41. Rc2 {31} Ra1 {84} 42. Bf2 {100} Rd1+ {152}
43. Ke2 {9} Rb1 {9} 44. Be1 {34} Rb2 {130} 45. Rxb2 {4} Nxb2 {5} 46. Bd2 {65}
Nc4 {15} 47. Be1 {3} Kb6 {72} 48. h4 {50} Na5 {45} 49. g4 {10} Nc6 {8} 50. h5 {
16} gxh5 {12} 51. gxh5 {4} b4 {10} 52. cxb4 {28} cxb4 {66} 53. Bh4 {5} Nd4+ {22
} 54. Kd3 {127} Nxf3 {110} 55. h6 {29} gxh6 {4} 56. Bxf6 {3} h5 {35} 57. Be7 {
144} Kb5 {69} 58. Ke3 {37} b3 {39} 59. Ba3 {4} Nd4 {8} 60. Bb2 {8} Kc4 {8} 61.
Kd2 {14} h4 {9} 62. Ke3 {9} h3 {14} 63. Kf2 {9} Kd3 {13} 64. Kg3 {57} Kc2 {19}
65. Ba1 {32} b2 {31} 66. Bxb2 {4} Kxb2 {4} 67. Kxh3 {3} Kc3 {7} 0-1

[Event "TOP 12 Feminin Groupe B"]
[Site "Vandoeuvre les Nancy, France"]
[Date "2019.05.03"]
[Round "2.1"]
[White "Javakhishvili, Lela"]
[Black "Guichard, Pauline"]
[Result "1-0"]
[WhiteElo "2459"]
[BlackElo "2430"]
[PlyCount "71"]
[EventDate "2019.05.02"]
[WhiteTeam "Bischwiller"]
[BlackTeam "Clichy"]

1. d4 {4} Nf6 {5} 2. c4 {4} g6 {3} 3. Nf3 {17} Bg7 {11} 4. g3 {7} d5 {325} 5.
cxd5 {11} Nxd5 {68} 6. Bg2 {12} O-O {160} 7. O-O {16} Nc6 {38} 8. e4 {124} Nb6
{15} 9. d5 {8} Na5 {7} 10. Qe1 {489} Nac4 {169} 11. Nc3 {8} Qd6 {839} 12. b3 {
458} Qb4 {355} 13. e5 {19} Na3 {102} 14. Qd2 {668} Nb5 {388} 15. Bb2 {233} Rd8
{293} 16. Rfd1 {1142} Bg4 {782} 17. h3 {355} Bxf3 {385} 18. Bxf3 {3} c6 {345}
19. Qe3 {189} Nxd5 {412} 20. Bxd5 {438} cxd5 {171} 21. Nxd5 {6} Qa5 {3} 22. Qc5
{345} e6 {287} 23. Nf6+ {519} Bxf6 {5} 24. exf6 {2} Qb6 {40} 25. Qg5 {8} Nd6 {
56} 26. Bd4 {130} Qb5 {49} 27. Qxb5 {294} Nxb5 {4} 28. Be5 {3} a6 {220} 29.
Rac1 {3} h6 {314} 30. h4 {61} g5 {116} 31. Kg2 {208} Na7 {315} 32. Bc7 {79}
Rdc8 {69} 33. hxg5 {18} hxg5 {11} 34. Rc5 {26} e5 {41} 35. Rxe5 {111} Rxc7 {26}
36. Rh1 {11} 1-0

[Event "TOP 12 Feminin Groupe B"]
[Site "Vandoeuvre les Nancy, France"]
[Date "2019.05.03"]
[Round "2.2"]
[White "L'Ami, Alina"]
[Black "Sebag, Marie"]
[Result "0-1"]
[WhiteElo "2286"]
[BlackElo "2476"]
[PlyCount "86"]
[EventDate "2019.05.02"]
[WhiteTeam "Clichy"]
[BlackTeam "Bischwiller"]

1. d4 {2} d5 {6} 2. c4 {5} c6 {3} 3. Nf3 {4} Nf6 {3} 4. Nc3 {4} e6 {4} 5. Bg5 {
4} h6 {5} 6. Bh4 {3} dxc4 {11} 7. e4 {7} g5 {15} 8. Bg3 {6} b5 {16} 9. Ne5 {25}
Bb7 {614} 10. h4 {16} g4 {54} 11. Be2 {23} Nbd7 {548} 12. Nxd7 {89} Qxd7 {447}
13. Be5 {19} Bg7 {352} 14. Bxg4 {636} O-O-O {647} 15. Bh3 {1020} Ne8 {174} 16.
Bxg7 {343} Nxg7 {121} 17. d5 {169} cxd5 {552} 18. Qd4 {806} dxe4 {1249} 19.
Qc5+ {845} Qc6 {363} 20. Qxb5 {497} Qxb5 {51} 21. Nxb5 {2} Kb8 {98} 22. Rc1 {
145} Bd5 {99} 23. Bg4 {169} Nf5 {143} 24. Bxf5 {681} exf5 {5} 25. O-O {142}
Rhg8 {310} 26. Nd4 {116} f4 {18} 27. Ne2 {273} f3 {70} 28. Nf4 {5} fxg2 {10}
29. Rfd1 {56} Bb7 {26} 30. Rxd8+ {40} Rxd8 {4} 31. Nxg2 {93} Rd2 {38} 32. Rxc4
{49} Rxb2 {11} 33. a4 {18} Rb6 {157} 34. Ne3 {11} Rg6+ {18} 35. Kh2 {9} Rf6 {5}
36. Kg3 {21} Rf3+ {43} 37. Kg2 {10} f5 {74} 38. Rb4 {60} Kc7 {58} 39. Rb5 {56}
f4 {68} 40. Nf5 {11} Ra3 {28} 41. Kg1 {116} Ra1+ {20} 42. Kh2 {6} e3 {19} 43.
Rc5+ {86} Kd7 {18} 0-1

[Event "TOP 12 Feminin Groupe B"]
[Site "Vandoeuvre les Nancy, France"]
[Date "2019.05.03"]
[Round "2.9"]
[White "Paehtz, Elisabeth"]
[Black "Collas, Silvia"]
[Result "1-0"]
[WhiteElo "2470"]
[BlackElo "2279"]
[PlyCount "45"]
[EventDate "2019.05.02"]
[WhiteTeam "Mulhouse"]
[BlackTeam "Nimes"]

1. d4 {105} Nf6 {65} 2. Nf3 e6 {60} 3. Bf4 {4} d5 {296} 4. e3 {9} Bd6 {11} 5.
Nbd2 {31} O-O {152} 6. Bd3 {38} c5 {96} 7. c3 {111} cxd4 {175} 8. Bxd6 {35}
Qxd6 {6} 9. exd4 {4} Nc6 {74} 10. O-O {66} e5 {259} 11. dxe5 {7} Nxe5 {3} 12.
Nxe5 {35} Qxe5 {5} 13. Nf3 {55} Qd6 {220} 14. h3 {184} Bd7 {158} 15. Bc2 {406}
Rfe8 {207} 16. Qd4 {106} Re2 {184} 17. Rac1 {184} a6 {350} 18. Rfe1 {70} Rae8 {
113} 19. Rxe2 {40} Rxe2 {6} 20. a4 {751} Ne4 {333} 21. Bd3 {187} Qf4 {1020} 22.
Rd1 {11} Rxb2 {728} 23. Bxe4 {9} 1-0

[Event "TOP 12 Feminin Groupe B"]
[Site "Vandoeuvre les Nancy, France"]
[Date "2019.05.03"]
[Round "2.12"]
[White "Esquembre, Lea"]
[Black "Neuhauser, Salome"]
[Result "0-1"]
[WhiteElo "1199"]
[BlackElo "2073"]
[PlyCount "64"]
[EventDate "2019.05.02"]
[WhiteTeam "Nimes"]
[BlackTeam "Mulhouse"]

1. c4 {1} Nf6 {160} 2. Nc3 {63} c5 {49} 3. d3 {110} Nc6 {22} 4. e4 {117} g6 {
145} 5. Nf3 {72} d6 {8} 6. Be2 {154} Bg7 {14} 7. O-O {45} O-O {8} 8. Be3 {98}
Bg4 {44} 9. h3 {67} Bxf3 {87} 10. Bxf3 {58} Nd7 {28} 11. Bg4 {473} Nd4 {364}
12. Rc1 {304} Ne5 {294} 13. Bxd4 {448} cxd4 {10} 14. Nb5 {202} a6 {19} 15. Nxd4
{69} Nxg4 {27} 16. Qxg4 {37} Bxd4 {7} 17. a4 {139} Rb8 {140} 18. Rb1 {85} b5 {
19} 19. b3 {78} h5 {110} 20. Qh4 {71} Bf6 {91} 21. Qf4 {66} Qb6 {27} 22. Rfe1 {
103} bxa4 {70} 23. bxa4 {132} Qxb1 {11} 24. Rxb1 {88} Rxb1+ {3} 25. Kh2 {54}
Be5 {6} 26. g3 {75} Bxf4 {77} 27. gxf4 {36} Rfb8 {8} 28. d4 {33} R8b2 {22} 29.
Kg3 {38} Rf1 {62} 30. Kh4 {35} Rbxf2 {9} 31. c5 {45} Rg2 {10} 32. c6 {54} Rxf4#
{5} 0-1

[Event "TOP 12 Feminin Groupe B"]
[Site "Vandoeuvre les Nancy, France"]
[Date "2019.05.03"]
[Round "3.2"]
[White "Sebag, Marie"]
[Black "Belluire, Beatrice"]
[Result "1-0"]
[WhiteElo "2476"]
[BlackElo "1913"]
[PlyCount "75"]
[EventDate "2019.05.02"]
[WhiteTeam "Bischwiller"]
[BlackTeam "Nimes"]

1. e4 {103} e6 {5} 2. d4 {8} d5 {4} 3. Nd2 {26} c5 {15} 4. exd5 {33} Qxd5 {9}
5. Ngf3 {7} cxd4 {23} 6. Bc4 {20} Qd7 {12} 7. O-O {213} Nc6 {38} 8. Nb3 {23}
Nf6 {22} 9. Nbxd4 {112} Nxd4 {6} 10. Nxd4 {63} a6 {7} 11. c3 {162} Qc7 {245}
12. Qe2 {345} Bd6 {50} 13. h3 {199} O-O {53} 14. Re1 {332} b6 {177} 15. Bg5 {70
} Bb7 {245} 16. Bd3 {680} Nd5 {938} 17. Be4 {378} Nf4 {508} 18. Bxf4 {143} Bxf4
{11} 19. Rad1 {76} Rfd8 {124} 20. Rd3 {531} g6 {1214} 21. Red1 {428} Bg5 {309}
22. Qf3 {439} Bxe4 {62} 23. Qxe4 {4} Rac8 {85} 24. h4 {119} Bf6 {305} 25. h5 {
16} e5 {861} 26. Nc2 {195} Rxd3 {16} 27. Rxd3 {6} Qc6 {50} 28. Qxc6 {111} Rxc6
{1} 29. Nb4 {40} Re6 {358} 30. hxg6 {190} hxg6 {40} 31. Nxa6 {6} e4 {13} 32.
Rd5 {305} Be5 {185} 33. Nb4 {42} f5 {83} 34. Rd7 {295} f4 {98} 35. Nd5 {20} Kf8
{80} 36. Kf1 {149} Ke8 {104} 37. Rb7 {11} Rd6 {5} 38. Re7+ {6} 1-0

[Event "TOP 12 Feminin Groupe B"]
[Site "Vandoeuvre les Nancy, France"]
[Date "2019.05.03"]
[Round "3.4"]
[White "Fischer, Julie"]
[Black "Esquembre, Lea"]
[Result "1-0"]
[WhiteElo "2046"]
[BlackElo "1199"]
[PlyCount "69"]
[EventDate "2019.05.02"]
[WhiteTeam "Bischwiller"]
[BlackTeam "Nimes"]

1. e4 e5 2. Nf3 {19979} Nc6 {45} 3. d4 {32} f6 {79} 4. dxe5 {18} fxe5 {46} 5.
Bc4 {96} Nf6 {27} 6. Ng5 {55} d6 {279} 7. Nf7 {34} Qe7 {67} 8. Nxh8 {13} Be6 {
327} 9. Bxe6 {70} Qxe6 {26} 10. Nc3 {6} O-O-O {51} 11. Bg5 {82} Be7 {259} 12.
Bxf6 {28} Bxf6 {47} 13. Qd5 {11} Qxd5 {122} 14. exd5 {15} Nd4 {70} 15. Nf7 {43}
Nxc2+ {121} 16. Kd2 {6} Nxa1 {77} 17. Nxd8 {14} Kxd8 {48} 18. Rxa1 {11} e4 {74}
19. Nxe4 {14} Bxb2 {103} 20. Rb1 {16} Be5 {59} 21. Rxb7 {16} a6 {68} 22. Ra7 {
20} Bxh2 {52} 23. g3 {18} h5 {33} 24. Ke2 {18} h4 {123} 25. Kf1 {11} h3 {81}
26. Rxa6 {31} Kd7 {68} 27. a4 {29} Ke7 {28} 28. a5 {18} Kf7 {102} 29. Rc6 {13}
Kg6 {45} 30. a6 {12} Kf5 {22} 31. a7 {16} Kxe4 {15} 32. a8=Q {17} Kxd5 {62} 33.
Rc3+ {16} Kd4 {40} 34. Re3 {15} c5 {64} 35. Qe4# {13} 1-0

[Event "TOP 12 Feminin Groupe B"]
[Site "Vandoeuvre les Nancy, France"]
[Date "2019.05.03"]
[Round "3.5"]
[White "Guichard, Pauline"]
[Black "Savina, Anastasia"]
[Result "1-0"]
[WhiteElo "2430"]
[BlackElo "2353"]
[PlyCount "77"]
[EventDate "2019.05.02"]
[WhiteTeam "Clichy"]
[BlackTeam "Vandoeuvre"]

1. Nf3 {3} d6 {39} 2. d4 {24} g6 {42} 3. e4 {523} Bg7 {68} 4. Bc4 {12} Nf6 {127
} 5. Nc3 {83} O-O {76} 6. Qe2 {28} Bg4 {1193} 7. e5 {816} dxe5 {75} 8. dxe5 {43
} Nfd7 {53} 9. Bf4 {135} e6 {661} 10. O-O-O {159} Qe7 {62} 11. Bb5 {1094} Bxf3
{1174} 12. gxf3 {333} Nc6 {206} 13. Bxc6 {668} bxc6 {36} 14. Rd4 {186} c5 {725}
15. Re4 {52} Rab8 {83} 16. h4 {41} f6 {456} 17. Qe3 {665} fxe5 {258} 18. Bg5 {
39} Qf7 {68} 19. Rd1 {45} Nf6 {267} 20. Bxf6 {386} Qxf6 {13} 21. Rd3 {3} Rbd8 {
85} 22. Rxd8 {329} Rxd8 {8} 23. a3 {24} Rf8 {187} 24. Kb1 {120} Qxf3 {14} 25.
Qxc5 {3} Qxf2 {85} 26. Qxc7 {15} h5 {108} 27. Rb4 {158} Qf1+ {29} 28. Ka2 {4}
Qf7 {3} 29. Qc6 {47} Bf6 {61} 30. Rb7 {84} Qe8 {4} 31. Qe4 {34} a6 {46} 32. Ra7
{20} Bg7 {30} 33. Rxa6 {52} Kh7 {40} 34. Qc4 {112} e4 {32} 35. Nxe4 {58} Qb8 {
29} 36. c3 {37} Rf4 {32} 37. Qxe6 {58} Rg4 {30} 38. Ng5+ {19} Kh8 {4} 39. Rc6 {
39} 1-0

[Event "TOP 12 Feminin Groupe B"]
[Site "Vandoeuvre les Nancy, France"]
[Date "2019.05.03"]
[Round "3.9"]
[White "Shvayger, Yuliya"]
[Black "Paehtz, Elisabeth"]
[Result "1/2-1/2"]
[WhiteElo "2373"]
[BlackElo "2470"]
[PlyCount "59"]
[EventDate "2019.05.02"]
[WhiteTeam "Nancy"]
[BlackTeam "Mulhouse"]

1. e4 {2} c5 {5} 2. Nf3 {6} d6 {3} 3. d4 {10} cxd4 {7} 4. Nxd4 {5} Nf6 {4} 5.
Nc3 {7} a6 {2} 6. Bg5 {74} Nbd7 {110} 7. Qe2 {28} Qc7 {86} 8. O-O-O {171} h6 {
176} 9. Bh4 {8} g6 {20} 10. f4 {264} e5 {298} 11. fxe5 {382} dxe5 {5} 12. Nb3 {
13} b5 {301} 13. g4 {411} Be7 {680} 14. a3 {731} Bb7 {238} 15. Bg2 {16} Rc8 {
383} 16. Rhf1 {458} g5 {694} 17. Bg3 {532} Bxa3 {371} 18. bxa3 {17} Qxc3 {7}
19. Rd3 {26} Qc7 {53} 20. Nd4 {197} O-O {338} 21. Nf5 {29} Qc4 {168} 22. Nxh6+
{364} Kh7 {7} 23. Nf5 {9} Qa2 {129} 24. Be1 {241} Qa1+ {176} 25. Kd2 {8} Qb2 {
162} 26. Rh3+ {20} Kg8 {4} 27. Ne7+ {19} Kg7 {3} 28. Nf5+ {110} Kg8 {3} 29.
Ne7+ {7} Kg7 {3} 30. Nf5+ {7} 1/2-1/2